000 00503nam a2200181Ia 4500
001 18069
005 20260306171603.0
008 260306s9999||||xx |||||||||||||| ||und||
041 _aESP
082 _a658.4
_bM84
100 _aGalán, Rafael
_eAUT
245 0 _aLa empresa según Homer Simpson:
_buna visión muy particular sobre liderazgo, gestión y desarrollo profesional
260 _c2008
300 _a456 páginas :
_c21 cm.
650 _aGEN
654 _aCAN
942 _cLIB
_dJUS
_fJUS
_2ddc
_n
999 _c18069
_d18069